| 000 | 00505nam a2200193Ia 4500 | ||
|---|---|---|---|
| 003 | GCL | ||
| 008 | 140319s9999 xx 000 0 eng d | ||
| 040 |
_aGCL / _cGCL |
||
| 082 | 0 | 4 |
_a338.4791 _bP T |
| 100 | 1 | _aPAGE, STEPHEN | |
| 245 | 1 | 0 |
_aTRANSPORT FOR TOURISM / _cPAGE, STEPHEN |
| 260 |
_a[S.N] : _bROUTLEDGE ، _c1994 |
||
| 300 | _a202 P | ||
| 490 |
_aROUTLEDGE TOPICS IN TOURISM _v0 |
||
| 650 | 0 | 4 | _aTRANSPORTATION |
| 650 | 0 | 4 | _aTOURIST TRADE |
| 650 | 0 | 4 | _aINTERNATIONAL TOURST |
| 942 |
_2ddc _cBK |
||
| 999 |
_c20646 _d20646 |
||